[Event "20th HZ Open 2016"]
[Site "Vlissingen NED"]
[Date "2016.08.07"]
[Round "2.26"]
[White "Holscher, Peter"]
[Black "Koop, Thorben"]
[Result "0-1"]
[BlackTitle "IM"]
[WhiteElo "2086"]
[BlackElo "2412"]
[WhiteFideId "1003224"]
[BlackFideId "24661619"]
[EventDate "2016.08.06"]

1. d4 Nf6 2. Nf3 g6 3. g3 Bg7 4. Bg2 O-O 5. c4 d6 6. O-O c6 7. Nc3 Bf5 8. h3 Ne4
9. Be3 Nxc3 10. bxc3 Be4 11. Qb3 Qb6 12. Nd2 Bxg2 13. Kxg2 Qc7 14. Nf3 Nd7 15.
Rab1 Rab8 16. Rfd1 b6 17. Rbc1 Qb7 18. Kg1 Qa6 19. a4 Nf6 20. Nd2 Qa5 21. f3 Qf5
22. Kg2 Qe6 23. Nf1 Rbc8 24. Rd2 d5 25. c5 bxc5 26. dxc5 Nd7 27. f4 Qe4+ 28. Kg1
Rb8 29. Qa2 e5 30. fxe5 Nxe5 31. Qc2 Qc4 32. Bd4 Rfe8 33. Ne3 Qa6 34. Kg2 Nd7
35. Nf1 Bh6 36. e3 Ne5 37. Rb1 Nc4 38. Rxb8 Rxb8 39. Qd3 Qxa4 40. Rf2 Qa6 41.
Qd1 Qb7 42. Qf3 Qe7 43. Qf6 Qxf6 44. Rxf6 Rc8 45. Rf2 a5 46. Ra2 Ra8 47. Ra4 f5
48. Kf3 Rb8 49. g4 Kf7 50. gxf5 gxf5 51. Ra2 Rb2 52. Ra1 Kg6 53. Kg3 Kh5 54. h4
Kg6 55. Kf3 Kf7 56. Kg3 Ke6 57. Kf3 Bf8 58. Kg3 Rb5 59. Kf4 Bxc5 60. Bxc5 Rxc5
61. Ng3 Nd6 62. Ne2 Kf6 63. Nd4 Rc4 64. Kf3 a4 65. Ne2 Nb5 66. Ra2 a3 67. Rc2 h5
68. Kg3 Ke5 69. Kf3 c5 70. Nf4 Rxc3 71. Rxc3 Nxc3 72. Nd3+ Kd6 73. Nc1 0-1

[Event "20th HZ Open 2016"]
[Site "Vlissingen NED"]
[Date "2016.08.07"]
[Round "2.27"]
[White "Kevlishvili, Robby"]
[Black "Smeets, Pierre"]
[Result "1/2-1/2"]
[WhiteTitle "FM"]
[WhiteElo "2409"]
[BlackElo "2107"]
[WhiteFideId "1040634"]
[BlackFideId "1043820"]
[EventDate "2016.08.06"]

1. e4 e6 2. d4 d5 3. Nd2 Be7 4. Ngf3 Nf6 5. e5 Nfd7 6. Bd3 c5 7. c3 b6 8. O-O
Ba6 9. Ne1 Bxd3 10. Nxd3 Nc6 11. Qg4 g6 12. Nf3 h6 13. Nf4 Nf8 14. dxc5 bxc5 15.
b4 Qb8 16. bxc5 Nxe5 17. Nxe5 Qxe5 18. Be3 Qf5 19. Qe2 Nd7 20. c6 Nb6 21. Nd3
Nc4 22. Bd4 O-O 23. g4 Qe4 24. Qd1 g5 25. f3 Qg6 26. f4 gxf4 27. Nxf4 Qe4 28.
Ng2 Rac8 29. Re1 Qg6 30. h4 Rxc6 31. Bxa7 1/2-1/2

[Event "20th HZ Open 2016"]
[Site "Vlissingen NED"]
[Date "2016.08.07"]
[Round "2.28"]
[White "Riksen, John"]
[Black "Bosboom, Manuel"]
[Result "1/2-1/2"]
[BlackTitle "IM"]
[WhiteElo "2082"]
[BlackElo "2400"]
[WhiteFideId "1052438"]
[BlackFideId "1000080"]
[EventDate "2016.08.06"]

1. d4 Nf6 2. c4 g6 3. Nc3 Bg7 4. e4 d6 5. h3 O-O 6. Nf3 a6 7. Be3 Nbd7 8. Be2 c5
9. O-O cxd4 10. Bxd4 b6 11. e5 Ne8 12. exd6 Nxd6 13. Bxg7 Kxg7 14. Qd4+ Kg8 15.
b3 Bb7 16. Rad1 Rc8 17. Nd5 Bxd5 18. Qxd5 Nf6 19. Qd4 Qc7 20. Rfe1 Nf5 21. Qe5
Qxe5 22. Nxe5 Rfd8 23. Bf3 a5 1/2-1/2

[Event "20th HZ Open 2016"]
[Site "Vlissingen NED"]
[Date "2016.08.07"]
[Round "2.29"]
[White "Nitin, S."]
[Black "Ducarmon, Renzo"]
[Result "1-0"]
[WhiteTitle "IM"]
[WhiteElo "2398"]
[BlackElo "2091"]
[WhiteFideId "5018277"]
[BlackFideId "1002279"]
[EventDate "2016.08.06"]

1. e4 c5 2. Nf3 d6 3. d4 cxd4 4. Nxd4 Nf6 5. Nc3 e6 6. g4 h6 7. Rg1 d5 8. exd5
Nxd5 9. Bb5+ Bd7 10. Nxd5 exd5 11. Qe2+ Qe7 12. Bxd7+ Nxd7 13. Be3 O-O-O 14.
O-O-O Nb6 15. Nb5 a6 16. Nc3 Qe6 17. Bxb6 Qxb6 18. Nxd5 Qc5 19. Rg3 Kb8 20. Rgd3
Bd6 21. h3 Rhe8 22. Qf3 f6 23. Ne3 Rc8 24. Rc3 Qe5 25. Rb3 Rc7 26. Nd5 Rc6 27.
Ne3 Rec8 28. Kb1 R8c7 29. Nd5 Rc8 30. Nb6 R8c7 31. Nd7+ 1-0

[Event "20th HZ Open 2016"]
[Site "Vlissingen NED"]
[Date "2016.08.07"]
[Round "2.30"]
[White "Ijzermans, Cees"]
[Black "Van Foreest, Lucas"]
[Result "1/2-1/2"]
[WhiteElo "2081"]
[BlackElo "2393"]
[WhiteFideId "1027425"]
[BlackFideId "1039792"]
[EventDate "2016.08.06"]

1. Nf3 Nf6 2. g3 d5 3. Bg2 e6 4. O-O Be7 5. d3 O-O 6. Nbd2 Nc6 7. c3 a5 8. e4
dxe4 9. dxe4 e5 10. Nc4 Qxd1 11. Rxd1 Bg4 12. Bg5 Bh5 13. Re1 h6 14. Bxf6 Bxf6
15. Ne3 Be7 16. Nd5 Bd6 17. Nd2 Ne7 18. Nc4 Nxd5 19. exd5 f6 20. a4 Bc5 21. Nxa5
Rxa5 22. b4 Bxb4 23. cxb4 Ra7 24. Rec1 b6 25. d6 cxd6 26. Rc6 Rfa8 27. Bd5+ Bf7
28. Bxf7+ Kxf7 29. Rxd6 Rxa4 30. Rxa4 Rxa4 31. Rxb6 e4 32. g4 Kg6 33. Rb5 Ra2
34. Rc5 Rb2 35. b5 Kf7 1/2-1/2

[Event "20th HZ Open 2016"]
[Site "Vlissingen NED"]
[Date "2016.08.07"]
[Round "2.31"]
[White "Van Delft, Merijn"]
[Black "Boulahfa, Hicham"]
[Result "0-1"]
[WhiteTitle "IM"]
[WhiteElo "2391"]
[BlackElo "2084"]
[WhiteFideId "1004670"]
[BlackFideId "1024663"]
[EventDate "2016.08.06"]

1. e4 Nf6 2. e5 Ng8 3. d4 d6 4. Nf3 dxe5 5. Nxe5 Nd7 6. Nf3 Ngf6 7. g3 b6 8. Bg2
Bb7 9. O-O e6 10. a4 c5 11. a5 cxd4 12. Nxd4 Bxg2 13. Kxg2 Bc5 14. Nb3 Be7 15.
Nc3 O-O 16. Bf4 Nc5 17. Qxd8 Rfxd8 18. Nxc5 Bxc5 19. axb6 Bxb6 20. Na4 Nd5 21.
Bd2 Bd4 22. c3 Bf6 23. Rfd1 g5 24. Kf3 Rac8 25. Ke2 Rc6 26. Be1 Rb8 27. Ra3 Be7
28. Ra2 f5 29. Rd3 a5 30. Rd1 Kf7 31. Rb1 Bf6 32. Ra3 e5 33. b3 e4 34. c4 Nb4
35. Bc3 Rd8 36. Bxf6 Kxf6 37. Rd1 Rxd1 38. Kxd1 Rd6+ 39. Ke2 Nc2 40. Ra2 Nd4+
41. Ke3 Nxb3 42. Rb2 Rd3+ 43. Ke2 f4 44. Nb6 Ke5 0-1

[Event "20th HZ Open 2016"]
[Site "Vlissingen NED"]
[Date "2016.08.07"]
[Round "2.32"]
[White "Gutkind, Kedem"]
[Black "Timmermans, Mark"]
[Result "0-1"]
[BlackTitle "FM"]
[WhiteElo "2068"]
[BlackElo "2387"]
[WhiteFideId "1046519"]
[BlackFideId "1026399"]
[EventDate "2016.08.06"]

1. e4 e5 2. Nf3 Nc6 3. Bb5 a6 4. Ba4 f5 5. d3 fxe4 6. dxe4 Nf6 7. O-O d6 8. Re1
Be7 9. c3 O-O 10. Bb3+ Kh8 11. Ng5 Qe8 12. Ne6 Bxe6 13. Bxe6 Qg6 14. Bf5 Qf7 15.
Nd2 Nh5 16. Qb3 g6 17. Qxf7 Rxf7 18. Be6 Rf6 19. Bc4 Nf4 20. Bf1 Rff8 21. Nc4
Ne6 22. Ne3 Bg5 23. b4 a5 24. Bc4 Ncd8 25. Bb2 axb4 26. cxb4 Re8 27. Nd5 b5 28.
Bb3 Nc6 29. Rad1 Ra7 30. g3 Ncd4 31. f4 Bd8 32. Kg2 c6 33. Ne3 Bc7 34. f5 Nxb3
35. axb3 Ra2 36. Rd2 Nd4 37. Red1 Bb6 38. Bxd4 Rxd2+ 39. Rxd2 exd4 40. Nc2 Rxe4
41. fxg6 d3 42. Na3 Re3 43. gxh7 Bd4 44. Nb1 Kxh7 45. Kh3 c5 46. bxc5 dxc5 47.
Kg4 c4 48. bxc4 bxc4 49. Kf4 Re1 0-1

[Event "20th HZ Open 2016"]
[Site "Vlissingen NED"]
[Date "2016.08.07"]
[Round "2.33"]
[White "Rosen, Eric S"]
[Black "Hoffman, Ron"]
[Result "1-0"]
[WhiteTitle "IM"]
[WhiteElo "2385"]
[BlackElo "2081"]
[WhiteFideId "2032562"]
[BlackFideId "1007599"]
[EventDate "2016.08.06"]

1. e4 g6 2. Nc3 Bg7 3. d4 d6 4. Be2 Nf6 5. h4 c5 6. d5 e6 7. h5 exd5 8. h6 Bf8
9. Nxd5 Nxd5 10. Qxd5 Nc6 11. Bg5 Be7 12. Bxe7 Qxe7 13. O-O-O Nd4 14. Rxd4 cxd4
15. Bb5+ Bd7 16. Bxd7+ Qxd7 17. Qxd4 O-O-O 18. Qxa7 Qc6 19. Ne2 Qxe4 20. Nc3 Qc6
21. Rd1 Qa6 22. Qd4 Rhe8 23. a4 Re5 24. Nb5 Rxb5 25. axb5 Qxb5 26. Qg7 Qa4 27.
Kb1 Qg4 28. Rd3 Re8 29. b3 Qxg2 30. Qxf7 Qg1+ 31. Kb2 Qe1 32. Rc3+ Kb8 33. Qc7+
Ka8 34. Rc4 Qe5+ 35. Ka2 b5 36. Rc6 1-0

[Event "20th HZ Open 2016"]
[Site "Vlissingen NED"]
[Date "2016.08.07"]
[Round "2.34"]
[White "Ritsema, Ronald"]
[Black "Perske, Thore"]
[Result "0-1"]
[BlackTitle "FM"]
[WhiteElo "2059"]
[BlackElo "2377"]
[WhiteFideId "1010409"]
[BlackFideId "12902195"]
[EventDate "2016.08.06"]

1. d4 d6 2. c4 e5 3. Nc3 exd4 4. Qxd4 Nc6 5. Qd2 Nf6 6. b3 g6 7. Bb2 Bg7 8. g3
O-O 9. Bg2 Re8 10. Nh3 d5 11. cxd5 Bxh3 12. Bxh3 Nxd5 13. Nxd5 Bxb2 14. Qxb2
Qxd5 15. O-O Nd4 16. Rfd1 Rad8 17. Bf1 Qe5 18. Qc1 Re6 19. Qf4 Nxe2+ 20. Bxe2
Rxd1+ 21. Rxd1 Qxf4 0-1

[Event "20th HZ Open 2016"]
[Site "Vlissingen NED"]
[Date "2016.08.07"]
[Round "2.35"]
[White "Berchtenbreiter, Maximilian"]
[Black "Liu, Manli"]
[Result "1-0"]
[WhiteTitle "IM"]
[WhiteElo "2373"]
[BlackElo "2062"]
[WhiteFideId "24641120"]
[BlackFideId "8608121"]
[EventDate "2016.08.06"]

1. d4 Nf6 2. Bf4 d5 3. e3 e6 4. Nf3 Bd6 5. Bxd6 Qxd6 6. c4 b6 7. Nc3 O-O 8. Rc1
dxc4 9. Bxc4 Bb7 10. O-O a6 11. Qe2 Nbd7 12. Rfd1 Qe7 13. e4 e5 14. Nd5 Bxd5 15.
Bxd5 Ra7 16. Bc6 Rc8 17. g3 exd4 18. Nxd4 Nb8 19. e5 Ne8 20. Qg4 1-0

[Event "20th HZ Open 2016"]
[Site "Vlissingen NED"]
[Date "2016.08.07"]
[Round "2.36"]
[White "Boelhouwer, Collin"]
[Black "Warmerdam, Max"]
[Result "0-1"]
[BlackTitle "FM"]
[WhiteElo "2048"]
[BlackElo "2372"]
[WhiteFideId "1013300"]
[BlackFideId "1048104"]
[EventDate "2016.08.06"]

1. e4 c5 2. Nf3 d6 3. d4 cxd4 4. Nxd4 Nf6 5. Nc3 a6 6. Bg5 Nbd7 7. Qe2 h6 8. Bh4
g6 9. f4 e5 10. Nf3 Qc7 11. O-O-O Be7 12. Nd5 Nxd5 13. exd5 Bxh4 14. Nxh4 O-O
15. fxe5 Nxe5 16. h3 Re8 17. Qd2 Kg7 18. Be2 Bd7 19. g4 Rac8 20. Kb1 Ba4 21. b3
Bb5 22. c4 Bd7 23. Rhf1 b5 24. Nf3 bxc4 25. Nxe5 Rxe5 26. Bxc4 Bb5 27. Rc1 Qe7
28. Qd4 Bxc4 29. Rxc4 Rxc4 30. bxc4 Kg8 31. Rc1 Re4 32. Qb2 Re2 33. Qd4 Qd8 34.
Rc2 Re1+ 35. Rc1 Qb8+ 36. Qb2 Qxb2+ 37. Kxb2 Rxc1 38. Kxc1 Kg7 39. Kd2 Kf6 40.
Kd3 Ke5 41. Ke3 f5 42. gxf5 gxf5 43. h4 h5 44. a3 a5 45. a4 f4+ 46. Kd3 f3 47.
Ke3 f2 48. Kxf2 Kd4 49. Kf3 Kxc4 50. Ke4 Kc5 51. Kf5 Kxd5 52. Kg5 Ke4 53. Kxh5
d5 54. Kg6 d4 55. h5 d3 56. h6 d2 57. h7 d1=Q 58. h8=Q Qg4+ 59. Kf7 Qd7+ 60. Kg6
Qf5+ 0-1

[Event "20th HZ Open 2016"]
[Site "Vlissingen NED"]
[Date "2016.08.07"]
[Round "2.37"]
[White "Maris, Ivo"]
[Black "Kalisvaart, Peter"]
[Result "0-1"]
[WhiteTitle "FM"]
[WhiteElo "2370"]
[BlackElo "2059"]
[WhiteFideId "1028146"]
[BlackFideId "1008820"]
[EventDate "2016.08.06"]

1. d4 d5 2. Bf4 Nf6 3. Nf3 e6 4. e3 Be7 5. h3 O-O 6. Nbd2 c5 7. c3 b6 8. Ne5 Bb7
9. Qc2 Nc6 10. Bd3 c4 11. Be2 Nxe5 12. Bxe5 b5 13. O-O a5 14. Bf3 Qb6 15. e4
Nxe4 16. Nxe4 dxe4 17. Bxe4 Bxe4 18. Qxe4 Bd6 19. f4 Rad8 20. Rae1 b4 21. Bxd6
Rxd6 22. f5 exf5 23. Qxf5 g6 24. Qf4 Re6 25. Re5 Rxe5 26. Qxe5 bxc3 27. bxc3 Rc8
28. Qd5 Qc7 29. Rf6 Re8 30. Kf1 Re3 31. h4 h5 32. Qc5 Qxc5 33. dxc5 Re5 34. Rf4
Rxc5 35. a4 Kf8 36. Kf2 Ke7 37. Ke3 g5 38. Re4+ Kd6 39. Kd4 gxh4 40. Rxh4 Rf5
41. Kxc4 Rc5+ 42. Kb3 Rg5 43. Rd4+ Kc6 44. Rd2 h4 45. Rd4 Rxg2 46. Rc4+ Kd5 47.
Rxh4 f5 48. Rh5 Ke4 49. Kc4 Ra2 50. Kb5 Rb2+ 51. Kxa5 f4 52. Rh1 f3 53. c4 Kd4
54. Rc1 Kc5 55. Ka6 f2 56. a5 Re2 57. Rf1 Kc6 58. Ka7 Re7+ 59. Kb8 Re8+ 60. Ka7
Rf8 61. c5 Kxc5 62. Ka6 Rf6+ 63. Kb7 Kb5 64. a6 Rf7+ 0-1

[Event "20th HZ Open 2016"]
[Site "Vlissingen NED"]
[Date "2016.08.07"]
[Round "2.38"]
[White "Schouten, Jordy"]
[Black "Vereggen, Lars"]
[Result "0-1"]
[BlackTitle "FM"]
[WhiteElo "2037"]
[BlackElo "2359"]
[WhiteFideId "1040090"]
[BlackFideId "1029258"]
[EventDate "2016.08.06"]

1. d4 d5 2. Bg5 Nf6 3. Bxf6 gxf6 4. c4 c6 5. Nc3 Bg7 6. g3 dxc4 7. Bg2 f5 8. e3
Be6 9. Nf3 Bd5 10. O-O Nd7 11. b3 b5 12. bxc4 Bxc4 13. Re1 Rc8 14. Nh4 e6 15. e4
f4 16. e5 Bf8 17. Qh5 Be7 18. Ne4 Bd5 19. Nf5 Bxe4 20. Bxe4 Bf8 21. Rac1 Nb8 22.
Nd6+ Bxd6 23. exd6 Rf8 24. gxf4 Kd7 25. f5 Qf6 26. Qxh7 Kxd6 27. fxe6 fxe6 28.
Qxa7 Qxf2+ 29. Kh1 Rh8 30. Qc5+ Kc7 31. Bg2 Rxh2+ 0-1

[Event "20th HZ Open 2016"]
[Site "Vlissingen NED"]
[Date "2016.08.07"]
[Round "2.39"]
[White "Freeke, Matthieu"]
[Black "Goossens, Xavier"]
[Result "1-0"]
[WhiteTitle "FM"]
[WhiteElo "2354"]
[BlackElo "2058"]
[WhiteFideId "1013459"]
[BlackFideId "208680"]
[EventDate "2016.08.06"]

1. d4 d5 2. c4 e6 3. Nf3 c5 4. cxd5 exd5 5. Nc3 Nc6 6. dxc5 Bxc5 7. Qxd5 Qe7 8.
Qe4 Be6 9. Bg5 Nf6 10. Bxf6 Qxf6 11. e3 O-O-O 12. Bb5 Bd7 13. O-O Rhe8 14. Qc4
b6 15. Ne4 1-0

[Event "20th HZ Open 2016"]
[Site "Vlissingen NED"]
[Date "2016.08.07"]
[Round "2.40"]
[White "De Winter, Gerard"]
[Black "Kalle, Erwin"]
[Result "1/2-1/2"]
[WhiteElo "1753"]
[BlackElo "1938"]
[WhiteFideId "1027344"]
[BlackFideId "1045504"]
[EventDate "2016.08.06"]

1. d4 Nf6 2. Nf3 g6 3. g3 Bg7 4. Bg2 O-O 5. O-O d6 6. c4 Nbd7 7. Nc3 e5 8. dxe5
dxe5 9. e4 c6 10. Qc2 Qc7 11. h3 Re8 12. Be3 Nf8 13. Rfd1 Ne6 14. c5 Bf8 15. b4
b6 16. Na4 b5 17. Nc3 a5 18. a3 h6 19. Ne2 Kh7 20. Nc3 1/2-1/2

[Event "20th HZ Open 2016"]
[Site "Vlissingen NED"]
[Date "2016.08.07"]
[Round "2.41"]
[White "Verwoert, Jef"]
[Black "De Jong, Migchiel"]
[Result "1/2-1/2"]
[BlackTitle "IM"]
[WhiteElo "2029"]
[BlackElo "2342"]
[WhiteFideId "1004271"]
[BlackFideId "1002848"]
[EventDate "2016.08.06"]

1. c4 b6 2. Nf3 Bb7 3. g3 Nf6 4. Bg2 g6 5. O-O Bg7 6. Nc3 O-O 7. d3 c5 8. Bd2 e6
9. Qc1 d5 10. Bh6 d4 11. Nb5 a6 12. Na3 Nc6 13. Nc2 Qd7 14. Bxg7 Kxg7 15. b4
Nxb4 16. Nxb4 cxb4 17. Qb2 Bxf3 18. Bxf3 Rab8 19. Qxb4 Qc7 20. Qa3 a5 21. Rab1
Nd7 22. Rb5 Nc5 23. Qb2 Rfd8 24. Qc2 Rd6 25. Bg2 f5 26. Rbb1 e5 27. Rbd1 Re8 28.
e3 Red8 29. Bd5 Nd7 30. Qb2 dxe3 31. fxe3 Re8 32. g4 Rf6 33. gxf5 gxf5 34. Kh1
Kh8 35. Qg2 Qd6 36. Rg1 Rg6 37. Qh3 Rf8 38. Rxg6 Qxg6 39. Rg1 Qf6 40. e4 fxe4
41. Bxe4 Qe7 42. Rf1 Rxf1+ 43. Qxf1 Qf6 44. Qh3 Nf8 45. Kg2 Qg5+ 46. Kf3 Kg7 47.
Qf5 Qf6 48. Kg4 Ng6 49. Qxf6+ Kxf6 50. Kh5 Kg7 51. Bxg6 hxg6+ 52. Kg5 a4 53. a3
Kf7 54. h4 Kg7 55. h5 gxh5 56. Kxh5 Kf6 57. Kg4 Ke6 58. Kf3 Kf5 59. Ke3 Kf6 60.
d4 exd4+ 61. Kxd4 Ke6 62. c5 b5 63. c6 Kd6 64. c7 Kxc7 65. Kc5 b4 1/2-1/2

[Event "20th HZ Open 2016"]
[Site "Vlissingen NED"]
[Date "2016.08.07"]
[Round "2.42"]
[White "Peek, Marcel"]
[Black "Nikhil, Magizhnan"]
[Result "1-0"]
[WhiteTitle "IM"]
[BlackTitle "CM"]
[WhiteElo "2325"]
[BlackElo "2042"]
[WhiteFideId "1000462"]
[BlackFideId "35075497"]
[EventDate "2016.08.06"]

1. d4 Nf6 2. Nf3 e6 3. c4 b6 4. Nc3 Bb4 5. Bg5 Bb7 6. Nd2 h6 7. Bh4 c5 8. d5
Bxc3 9. bxc3 d6 10. e4 e5 11. Bd3 Nbd7 12. f3 Qe7 13. Bc2 Rg8 14. Nf1 g5 15. Bf2
Nh5 16. Ne3 Ng7 17. h4 O-O-O 18. a4 a5 19. Rb1 Kc7 20. Bd3 Ba6 21. Kd2 Rh8 22.
Qb3 Rb8 23. Rh2 Rbg8 24. Rbh1 Qd8 25. g3 Qf6 26. Qd1 Nf8 27. Ng4 Qe7 28. hxg5 h5
29. Nf6 Nd7 30. Nxg8 Rxg8 31. Be3 f6 32. gxf6 Nxf6 33. Qb3 Qf7 34. Qd1 Qg6 35.
Rg1 Bc8 36. Kc2 Bd7 37. Kb3 Nge8 38. Ka3 Qg7 39. Rb2 Bc8 40. Qb3 Nd7 41. Bf1
Nef6 42. Bh3 Ba6 43. Bf5 Qe7 44. g4 hxg4 45. fxg4 Rb8 46. Rh1 Nf8 47. Rbh2 Bc8
48. Bg5 Qg7 49. Bh6 Qg8 50. Bxf8 Bxf5 51. Rh8 Qf7 52. Bxd6+ Kxd6 53. Rxb8 Nd7
54. Rxb6+ Ke7 55. gxf5 Nxb6 56. Qxb6 Kd7 57. Qb7+ Kd6 58. Rh6+ Qg6 59. Rxg6# 1-0

[Event "20th HZ Open 2016"]
[Site "Vlissingen NED"]
[Date "2016.08.07"]
[Round "2.43"]
[White "Van Baar, Esper"]
[Black "Breukelman, Jan"]
[Result "0-1"]
[BlackTitle "FM"]
[WhiteElo "2028"]
[BlackElo "2325"]
[WhiteFideId "1049321"]
[BlackFideId "1015583"]
[EventDate "2016.08.06"]

1. e4 c6 2. d4 d5 3. Nc3 dxe4 4. Nxe4 Bf5 5. Ng3 Bg6 6. h4 h6 7. h5 Bh7 8. Nf3
Nd7 9. Bd3 Bxd3 10. Qxd3 e6 11. Bd2 Ngf6 12. O-O-O Be7 13. Kb1 Qb6 14. Ne4 Nxe4
15. Qxe4 Nf6 16. Qe2 Qb5 17. Qxb5 cxb5 18. Ne5 O-O 19. f3 Rfd8 20. Be3 Nd5 21.
Bf2 b4 22. g4 Rac8 23. Rd3 Bg5 24. Bh4 Bxh4 25. Rxh4 Nf4 26. Rd2 Rc5 27. Rhh2
Rcd5 28. c3 Kf8 29. Kc2 Ke7 30. Rh1 Ra5 31. cxb4 Rxa2 32. Nc4 Ra4 33. Kb3 b5 34.
Ne3 Ra6 35. Rc1 Rad6 36. Rc7+ R8d7 37. Rxd7+ Kxd7 38. Nf1 e5 39. dxe5 Rxd2 40.
Nxd2 Ke6 41. Ne4 Kxe5 42. Nc3 a6 43. Ne4 Nd5 44. Nc5 Kf4 45. Nxa6 Kxf3 46. Kc2
Kxg4 47. Kd3 f5 48. Kd4 f4 0-1

[Event "20th HZ Open 2016"]
[Site "Vlissingen NED"]
[Date "2016.08.07"]
[Round "2.44"]
[White "Bezemer, Arno"]
[Black "Kok, Ivo"]
[Result "1-0"]
[WhiteTitle "FM"]
[WhiteElo "2315"]
[BlackElo "2029"]
[WhiteFideId "1001396"]
[BlackFideId "1022024"]
[EventDate "2016.08.06"]

1. e4 c5 2. Nf3 d6 3. d4 cxd4 4. Nxd4 Nf6 5. Nc3 a6 6. h3 e6 7. g4 d5 8. Nde2
Nc6 9. exd5 Nxd5 10. Bg2 Bb4 11. a3 Nxc3 12. Qxd8+ Kxd8 13. Nxc3 Bxc3+ 14. bxc3
Bd7 15. Be3 Kc7 16. Rb1 b5 17. O-O f6 18. Rfd1 Rhd8 19. c4 Rab8 20. cxb5 axb5
21. Bc5 Be8 22. Rxd8 Rxd8 23. c4 bxc4 24. Bb6+ Kc8 25. Bxd8 Kxd8 26. Bf1 Ne5 27.
f4 Nf3+ 28. Kf2 Nd2 29. Rd1 c3 30. Bd3 Ba4 31. Rc1 Nb3 32. Rxc3 1-0

[Event "20th HZ Open 2016"]
[Site "Vlissingen NED"]
[Date "2016.08.07"]
[Round "2.45"]
[White "Janse, Alexander"]
[Black "Hamblok, Roel"]
[Result "1/2-1/2"]
[BlackTitle "FM"]
[WhiteElo "2017"]
[BlackElo "2308"]
[WhiteFideId "36052175"]
[BlackFideId "209317"]
[EventDate "2016.08.06"]

1. Nf3 f5 2. g3 d6 3. d4 Nf6 4. Bg2 e6 5. O-O Be7 6. c4 O-O 7. Nc3 Ne4 8. Qc2
Nxc3 9. Qxc3 a5 10. b3 Nc6 11. Bb2 Bf6 12. Qd2 e5 13. dxe5 dxe5 14. Qxd8 Rxd8
15. Rfd1 Re8 16. Ne1 a4 17. Nc2 Na5 18. Ne3 Be6 19. Nd5 Bxd5 20. Bxd5+ Kf8 21.
b4 Nc6 22. Bxc6 bxc6 23. Rd7 Re7 24. Rad1 1/2-1/2

[Event "20th HZ Open 2016"]
[Site "Vlissingen NED"]
[Date "2016.08.07"]
[Round "2.46"]
[White "Van Kessel, Wessel"]
[Black "Nagtegaal, Kees"]
[Result "0-1"]
[BlackTitle "FM"]
[WhiteElo "2007"]
[BlackElo "2306"]
[WhiteFideId "233404"]
[BlackFideId "1012886"]
[EventDate "2016.08.06"]

1. e4 c5 2. Nc3 e6 3. g3 Nc6 4. Bg2 g6 5. d3 Bg7 6. Be3 Nd4 7. Qd2 Ne7 8. Nd1 e5
9. c3 Ne6 10. Bh6 d5 11. Bxg7 Nxg7 12. Ne3 d4 13. cxd4 cxd4 14. Nc4 Nc6 15. Rc1
O-O 16. Bh3 b5 17. Na3 Qb6 18. Bxc8 Raxc8 19. Nf3 f6 20. O-O Ne6 21. Nh4 Kg7 22.
f4 exf4 23. gxf4 a5 24. Kh1 Nb4 25. f5 Ng5 26. b3 Rc3 27. Rxc3 dxc3 28. Qxc3
Nxa2 29. Qa1 Nb4 30. fxg6 hxg6 31. Rg1 Qe3 32. Qc1 Qxd3 33. Qc7+ Rf7 34. Qf4
Qxb3 35. Nxb5 Nd3 36. Nd4 Nxf4 37. Nxb3 Nxe4 38. Ra1 Rc7 39. Nxa5 Rc3 40. Rf1
Nd5 41. Ng2 f5 42. Nb7 g5 43. Kg1 Kf6 44. Rd1 Ke5 45. Na5 f4 46. Ne1 Ne3 47.
Nf3+ Kf6 48. Rb1 g4 49. Nd4 f3 50. Rb6+ Kg5 51. h4+ Kxh4 0-1

[Event "20th HZ Open 2016"]
[Site "Vlissingen NED"]
[Date "2016.08.07"]
[Round "2.47"]
[White "Lammens, Tim"]
[Black "Pijpers, Peter"]
[Result "1-0"]
[WhiteTitle "FM"]
[WhiteElo "2305"]
[BlackElo "2028"]
[WhiteFideId "1008803"]
[BlackFideId "1025953"]
[EventDate "2016.08.06"]

1. c4 e5 2. g3 Nf6 3. Bg2 Nc6 4. Nc3 Bb4 5. Nd5 Nxd5 6. cxd5 Nd4 7. e3 Nf5 8.
Qg4 Nxe3 9. fxe3 Qe7 10. Ne2 O-O 11. O-O Bc5 12. Qc4 d6 13. b4 b5 14. Qxb5 Rb8
15. Qxb8 Bb6 16. Qa8 Ba6 17. Qc6 Bxe2 18. Bb2 f5 19. Rf2 Bd3 20. Qc3 Ba6 21. a4 1-0

[Event "20th HZ Open 2016"]
[Site "Vlissingen NED"]
[Date "2016.08.07"]
[Round "2.48"]
[White "De Zwart, Johan"]
[Black "Hummel, Erik-Jan"]
[Result "0-1"]
[BlackTitle "FM"]
[WhiteElo "2005"]
[BlackElo "2294"]
[WhiteFideId "1024930"]
[BlackFideId "1009028"]
[EventDate "2016.08.06"]

1. e4 e5 2. Nf3 d6 3. d4 exd4 4. Nxd4 Nf6 5. Nc3 Be7 6. Be2 O-O 7. O-O Re8 8. f4
Bf8 9. Bf3 c5 10. Nde2 Bg4 11. Ng3 Bxf3 12. Qxf3 Nc6 13. Be3 Qb6 14. b3 Nd4 15.
Qd1 Qc6 16. Kh1 Nb5 17. Nxb5 Qxb5 18. e5 dxe5 19. fxe5 Rxe5 20. Bf4 Re6 21. Qf3
Qc6 22. Qxc6 Rxc6 23. c4 Re8 24. Rad1 g6 25. Rfe1 Rxe1+ 26. Rxe1 Rc8 27. Ne4
Nxe4 28. Rxe4 f5 29. Re2 Kf7 30. Kg1 Bg7 31. Kf2 h6 32. h4 Re8 33. Rd2 Bd4+ 34.
Kf3 Kg7 35. g3 Re1 36. Re2 Rf1+ 37. Kg2 Rg1+ 38. Kf3 Bf6 39. Bd6 Bd4 40. Bf4
Rf1+ 41. Kg2 Rg1+ 42. Kf3 b6 43. Rd2 a6 44. Re2 Bf6 45. Rd2 g5 46. hxg5 hxg5 47.
Be3 Ra1 48. Bf2 Be5 49. g4 Kf6 50. Be3 Rh1 51. Kf2 Rh3 0-1

[Event "20th HZ Open 2016"]
[Site "Vlissingen NED"]
[Date "2016.08.07"]
[Round "2.49"]
[White "Brink, Barry"]
[Black "Elgersma, Simon"]
[Result "1-0"]
[WhiteTitle "FM"]
[WhiteElo "2293"]
[BlackElo "1999"]
[WhiteFideId "1009451"]
[BlackFideId "1046101"]
[EventDate "2016.08.06"]

1. d4 Nf6 2. c4 g6 3. Nc3 Bg7 4. Nf3 d6 5. e4 O-O 6. h3 e5 7. d5 Nh5 8. g3 f5 9.
exf5 gxf5 10. Ng5 Nf6 11. Be2 Na6 12. Be3 Qe8 13. Qd2 Nc5 14. O-O-O h6 15. Nf3
Nfe4 16. Nxe4 Nxe4 17. Qc2 f4 18. gxf4 exf4 19. Bd4 Bxd4 20. Nxd4 Nxf2 21. Rhg1+
Kh8 22. Ne6 Qf7 23. Qc3+ Qf6 24. Nxf8 Qxc3+ 25. bxc3 Nxd1 26. Ng6+ Kh7 27. Nf8+
Kh8 28. Bxd1 Bxh3 29. Ng6+ Kh7 30. Bc2 1-0